000 00870cam a2200253 a 4500
001 000014698
003 DO-SdBNP
005 20231114124155.0
008 790604s1978 cl a b 000 0 spa
040 _aDO-SdBNP
_bspa
_cBNPHU
082 4 _a305.420983
_bT796e
_222
245 0 0 _aTres ensayos sobre la mujer chilena :
_bsiglos XVIII-XIX-XX /
_cLucia Santa Cruz ... [et al.].
260 _aSantiago, Chile :
_bUniversitaria,
_cc1978.
300 _a328 p. :
_bil. ;
_c23 cm.
504 _aIncluye bibliografía: p. 323-327.
650 4 _aMujeres
_zChile
_xHistoria
_933324
650 4 _aMujeres
_zChile
_xCondiciones económicas
_933325
650 4 _aMujeres
_zChile
_xCondiciones sociales
_933326
700 1 _aSanta Cruz, Lucia.
_933327
700 1 _aPereira, Teresa.
_933328
700 1 _aZegers, Isabel.
_933329
700 1 _aMaino, Valeria.
_933330
942 _2ddc
_cLBS1
999 _c14281
_d14281